[Event "IND-ch U18 31st"]
[Site "Pollachi"]
[Date "2022.04.18"]
[Round "1"]
[White "Bharath, Subramaniyam H"]
[Black "Kavin Oviyan, R."]
[Result "1-0"]
[WhiteElo "2503"]
[BlackElo "1356"]
[PlyCount "51"]
[EventDate "2022.04.18"]
[EventType "swiss"]
[EventRounds "11"]
[EventCountry "IND"]
[SourceTitle "EXT 2023"]
[Source "ChessBase"]
[SourceDate "2022.10.05"]
[SourceVersion "1"]
[SourceVersionDate "2022.10.05"]
[SourceQuality "1"]

1. b3 Nf6 2. Bb2 g6 3. Nf3 Bg7 4. g3 0-0 5. Bg2 c5 6. c4 d5 7. cxd5 Nxd5 8. Bxg7 Kxg7 9. 0-0 Nc6 10. d4 Bf5 11. dxc5 Ncb4 12. e4 Ne3 13. fxe3 Qxd1 14. Rxd1 Nc2 15. exf5 Nxa1 16. Na3 Nxb3 17. axb3 Rfd8 18. Rxd8 Rxd8 19. Nd4 Rd7 20. Nab5 a6 21. Bxb7 Rxb7 22. c6 Rb8 23. Na7 Ra8 24. c7 gxf5 25. Ndc6 Kf6 26. Nb8 1-0